Tìm hiểu trong hệ thống pháp luật Việt Nam : Luật thủy sản
שמור ב:
| מחבר ראשי: | |
|---|---|
| פורמט: | ספר |
| שפה: | Undetermined |
| יצא לאור: |
Thành phố Hồ Chí Minh
Tổng Hợp Tp. Hồ Chí Minh
2004
|
| נושאים: | |
| תגים: |
הוספת תג
אין תגיות, היה/י הראשונ/ה לתייג את הרשומה!
|
| Thư viện lưu trữ: | Trung tâm Học liệu Trường Đại học Cần Thơ |
|---|
| LEADER | 00646nam a2200205Ia 4500 | ||
|---|---|---|---|
| 001 | CTU_74746 | ||
| 008 | 210402s9999 xx 000 0 und d | ||
| 020 | |c 4000 | ||
| 082 | |a 341.7622 | ||
| 082 | |b H561 | ||
| 100 | |a Trịnh, Thị Thanh Hương | ||
| 245 | 0 | |a Tìm hiểu trong hệ thống pháp luật Việt Nam : | |
| 245 | 0 | |b Luật thủy sản | |
| 245 | 0 | |c Trịnh Thị Thanh Hương | |
| 260 | |a Thành phố Hồ Chí Minh | ||
| 260 | |b Tổng Hợp Tp. Hồ Chí Minh | ||
| 260 | |c 2004 | ||
| 650 | |a Fisheries law | ||
| 904 | |i Năm | ||
| 980 | |a Trung tâm Học liệu Trường Đại học Cần Thơ | ||